000 00725nam a2200169 4500
001 160777
003 ES-MaACL
005 20230906212126.0
008 950421m18391853gw |||| | lat d
040 _aEUS
_bspa
_cEUS
245 0 0 _aNotitia dignitatum et administrationum omnium tam civilium quam militatium in partibus Orientis et Occidentis
_b: ad codd. mss. monachiensium, romani, parisiensium ac vindobonensis editorumque fidem recensuit /
_ccommentariis indiceque illustravit Eduardus Böcking.
260 _aBonnae :
_bimpensis Adolphi Marci,
_c1839-1853.
300 _a2 v. ;
_c22 cm.
597 1 _aTexto fileteado.
700 1 1 _aBöcking, Edward,
_eed. lit.
_9126265
852 _aES-MaACL
_jG-75-76
_z-- Enc. hol.
999 _c160777
_d160777